Players With TD Receptions From Joe Montana - Statistics

General Stats
  • This quiz has been taken 251 times
  • The average score is 5 of 37
Answer Stats
Team TDs Receiver % Correct
San Francisco 67 Jerry Rice
99%
San Francisco 44 Dwight Clark
58%
San Francisco 17 Roger Craig
55%
San Francisco 20 John Taylor
43%
San Francisco 12 Brent Jones
39%
Kansas City 3 Marcus Allen
18%
San Francisco 4 Tom Rathman
17%
San Francisco 35 Freddie Solomon
14%
Kansas City 1 Tracy Greene
13%
Kansas City 9 Willie Davis
13%
San Francisco 7 Charle Young
11%
Kansas City 2 Kimble Anders
11%
San Francisco 14 Mike Wilson
10%
San Francisco 6 Wendell Tyler
10%
San Francisco 13 Russ Francis
8%
San Francisco 4 Jeff Moore
6%
San Francisco 1 Amp Lee
5%
Kansas City 3 Derrick Walker
5%
San Francisco 9 Earl Cooper
5%
San Francisco 9 John Frank
4%
Kansas City 6 J.J. Birden
3%
San Francisco 4 Renaldo Nehemiah
3%
San Francisco 1 Bill Ring
2%
San Francisco 2 Carl Monroe
2%
San Francisco 1 Harry Sydney
2%
Kansas City 1 Jonathan Hayes
2%
San Francisco 3 Mike Sherrard
2%
San Francisco 1 Guy McIntyre
1%
Kansas City 4 Keith Cash
1%
Kansas City 2 Lake Dawson
1%
San Francisco 1 Lenvil Elliott
1%
San Francisco 1 Ricky Patton
1%
San Francisco 3 Ron Heller
1%
Kansas City 1 Tim Barnett
1%
San Francisco 1 Bob Bruer
0%
San Francisco 3 Eason Ramson
0%
Kansas City 3 Joe Valerio
0%
No matching quizzes found
Score Distribution
Percent of People with Each Score
Percentile by Number Answered
Your Score History
You have not taken this quiz